00437nam a2200169 a 45000010005000000030009000050080041000140400028000550820016000831000029000992450014001282500007001422600046001493000010001954900016002056500046002214827CO-ViMGA141112s2004 ck r 000 u spa d aCO-ViMGAbspacCO-ViMGA04a923.2 S157m1 aMoreno de Ángel, Pilar10aSantander a4a aSantafé de Bogotá : bPlaneta, c1990 a795 p aBiografía14aSANTANDER, FRANCISCO DE PAULA 1792 - 1842